000 01057cam a22003257i 4500
001 3283
005 20241108105656.0
020 _a9780064440585
040 _aYDXCP
_beng
_cYDXCP
_erda
_dBTCTA
_dBDX
_dFOLLT
_dB@L
_dZAC
_dNDS
_dVP@
_dDLC
050 0 0 _aPZ7.L7795
082 0 4 _a813.54
100 1 _aLobel, Arnold
_eauthor.
245 1 0 _aDays with frog and toad /
_cby Lobel, Arnold
260 _aNew York :
_bHarperCollins ,
_c1979
300 _a64 pages :
_bcolor illustrations ;
_c24 cm .
490 _aAn I can read book
_vBook 2
505 _aJ
520 _aFrog and Toad spend their days together, but find sometimes it's nice to be alone.
521 _a490
_bLexile
521 _aJ
_bRaz-Plus
650 0 _aFriendship
_vJuvenile fiction
650 0 _aFrogs
_vJuvenile fiction
650 0 _aToads
_vJuvenile fiction.
650 1 _aFriendship
_vFiction.
650 1 _aFrogs
_vFiction.
650 1 _aToads
_vFiction.
655 7 _aReaders (Elementary)
_2lcsh
906 _a7
_bcbc
_ccopycat
_d2
_encip
_f20
_gy-gencatlg
942 _2ddc
_cBK
_n0
999 _c3283
_d3283